Sports Quiz

Random Sports or NBA Quiz

Can You Guess The Last 25 NBA MVPS? Quiz Stats

 Plays Quiz not verified by Sporcle

Also try: NBA MVP Teammates
Challenge
Share
Tweet
Embed
Score 0/25 Timer 10:00
0 Plays Today
% Correct
???
97.4%
???
97.4%
???
97.4%
???
97.4%
???
89.7%
???
89.7%
???
89.7%
???
89.7%
???
89.7%
???
89.7%
???
84.6%
???
84.6%
???
84.6%
% Correct
???
82.1%
???
79.5%
???
76.9%
???
76.9%
???
74.4%
???
74.4%
???
74.4%
???
74.4%
???
69.2%
???
69.2%
???
64.1%
???
61.5%

You're not logged in!

Compare scores with friends on all Sporcle quizzes.
Join for Free
OR
Log In

You Might Also Like...

Show Comments

Extras

Created May 14, 2017ReportNominate
Tags:NBA Quiz, last, mvp

Top Quizzes Today


Score Distribution

Your Account Isn't Verified!

In order to create a playlist on Sporcle, you need to verify the email address you used during registration. Go to your Sporcle Settings to finish the process.

Report this User

Report this user for behavior that violates our Community Guidelines.

Details: